000 00773nab a2200229u 4500
001 10494
003 HDC
007 c| |||a|c|aaaa
008 210204b20151001io ||||o |||| 00| 0 may d
040 _aHDC
245 0 _aIndonesia-Malaysia Bersaing Rebut Predikat Destinasi Halal
336 _atext
_2rdacontent
337 _acomputer
_2rdamedia
338 _aonline resource
_2rdacarrier
650 _aWorld Halal Tourism Awards 2015
_910763
650 _aWorld Halal Travel Summit and Exhibition
_910764
710 _aHarianSIB.com
856 _zRequest full-text at [email protected]
942 _2lcc
942 _cNEWS
942 _kNWS0 000812
999 _c7817
_d7817